Biblioteca

Las parábolas de Jesús (Registro nro. 42684)

Detalles MARC
000 -LÍDER
Campo fijo de descripción fija 01315cam a22003014i 4500
001 - NÚMERO DE CONTROL
Campo de control 13739
003 - IDENTIFICADOR DEL NÚMERO DE CONTROL
Campo de control CO-MdFUSB
005 - FECHA Y HORA DE LA ULTIMA TRANSACCIÓN
control field 20241119175627.0
008 - ELEMENTOS DE LONGITUD FIJA -- INFORMACIÓN GENERAL
Campo fijo de descripción fija -- Información general 180213t2005 xxu||||| |||| 00| 0 spa d
020 ## - NÚMERO INTERNACIONAL NORMALIZADO PARA LIBROS
Número Internacional Normalizado del libro 0-311-04371-2
040 ## - FUENTE DE CATALOGACIÓN
Agencia de catalogación original CO-MdFUSB
Idioma de catalogación spa
Agencia que realiza la transcripción CO-MdFUSB
Agencia que realiza la modificación CO-MdFUSBC
Convenciones de la descripción rda
041 0# - CÓDIGO DE IDIOMA
Código de idioma para texto/pista de sonido o título separado spa
082 04 - NÚMERO DE CLASIFICACIÓN DECIMAL DEWEY
Número de clasificación G 226.8
Número de la edición del Dewey 23
Clave de autor-Numero de item F8976j
100 1# - ASIENTO PRINCIPAL--NOMBRE PERSONAL
Nombre personal Fricke S., Roberto
Término relacionador autor
245 14 - TÍTULO
Título del Material Las parábolas de Jesús
Parte restante del título - Subtitulo : una aplicación para hoy
Mención de responsabilidad, etc. / Roberto Fricke S.
264 #1 - PRODUCCIÓN, PUBLICACIÓN, DISTRIBUCIÓN, MANUFACTURA, Y COPYRIGHT
Lugar de producción, publicación, distribución, manufactura El Paso, TX. :
Nombre del productor, publicador, distribuidor Mundo Hispano,
Fecha de producción, publicación, distribución, manufactura, o copyright ℗[2005]
264 #4 - PRODUCCIÓN, PUBLICACIÓN, DISTRIBUCIÓN, MANUFACTURA, Y COPYRIGHT
Lugar de producción, publicación, distribución, manufactura ©2005
300 ## - DESCRIPCIÓN FÍSICA
Extensión 280 páginas ;
Dimensiones 21 cm
336 ## - TIPO DE CONTENIDO
Fuente rdacontent
Término de tipo de contenido texto
Código de tipo de contenido txt
337 ## - TIPO DE MEDIO
Fuente rdamedia
Nombre del tipo de medio sin mediación
Código del tipo de medio n
338 ## - TIPO DE SOPORTE
Fuente rdacarrier
Nombre del tipo de soporte volumen
Código Tipo de soporte nc
505 ## - NOTA DE CONTENIDO
Nota de contenido con formato preestablecido - La venida del Reino - La crisis del Reino - La gracia del Reino - Los súbditos del Reino - Apéndice: Historia de la interpretación de las parábolas, Disciplinas críticas neotestamentarias influyentes en la interpretación de las parábolas - Temas central de las parábolas: el Reino de Dios - El liberalismo protestante del siglo XIX y la búsqueda del Jesús histórico - Las parábolas y la teología de la liberación latinoamericana
563 ## - NOTA DE ENCUADERNACIÓN
Nota de encuadernación Tapa rústica
630 07 - TITULO UNIFORME
Título uniforme Biblia.
Nombre de parte o sección de la obra Nuevo Testamento
653 ## - TÉRMINO DE INDIZACIÓN - NO CONTROLADO
Término no controlado Parábolas bíblicas
942 ## - TIPO DE MATERIAL (KOHA)
Tipo de Item KOHA Libros General
945 ## - INFORMACIÓN LOCAL DEL REGISTRO
Catalogador JTF-925
Existencias
Estado de Material Estado de Perdido Forma de Clasificación Estado de Dañado No para Préstamo Colección Tomo Biblioteca de Origen Biblioteca Permanente Fecha de Adquisición Total de Préstamos Total de Renovaciones Signatura Topográfica Código de Barras Última vez visto Última vez Préstado Ejemplar/Existencia Fecha de Remplazo Tipo de Material Área
    Dewey Decimal Classification     Colección General   Biblioteca FUSBC Biblioteca FUSBC 19/04/2006 10 4 G 226.8 F8976j 15961 25/08/2025 23/08/2025 Ej. 1 26/01/2016 Libros General  
    Dewey Decimal Classification     Colección General   Biblioteca FUSBC Biblioteca FUSBC 19/04/2006 8 5 G 226.8 F8976j 15962 09/08/2024 04/03/2024 Ej. 2 26/01/2016 Libros General BIBLIA

Biblioteca FUSBC | Teléfono: (57+4) 349 88 10 Ext. 141| WhatsApp (+57) 3005338115 
E-mail: biblioteca@unisbc.edu.co | Calle 76 87-14 Robledo Palenque, Medellín, Colombia

Con tecnología Koha